Witness to the future /

Bibliographic Details
Main Author: Rifbjerg, Klaus
Format: Book
Language:English
Published: Seattle : Fjord Press, 1987.
Edition:1st ed.

MARC

Tag First Indicator Second Indicator Subfields
LEADER 00000cam a2200000 a 4500
001 in00000016480
005 20151007052802.0
008 870602s1987 waucf 00011 eng
010 |a  87017359  
020 |a 0940242214 (alk. paper) :  |c $17.95 
020 |a 0940242184 (pbk. : alk. paper) :  |c $8.95 
035 |a (OCoLC)16085018 
035 |9 AAA9170AM 
040 |a DLC  |c DLC  |d TXA  |d UtOrBLW 
041 1 |a eng  |h dan 
049 |a TXAM  |c [A11069030] 
050 0 0 |a PT8176.28.I32  |b H4513 1987 
082 0 |a 839.8/1374  |2 19 
100 1 |a Rifbjerg, Klaus. 
240 1 0 |a Hellige aber.  |l English 
245 1 0 |a Witness to the future /  |c Klaus Rifbjerg ; translated from the Danish by Steve Murray. 
250 |a 1st ed. 
264 1 |a Seattle :  |b Fjord Press,  |c 1987. 
300 |a 214 pages, 1 unnumbered leaf of plates :  |b portrait ;  |c 23 cm. 
336 |a text  |b txt  |2 rdacontent 
337 |a unmediated  |b n  |2 rdamedia 
338 |a volume  |b nc  |2 rdacarrier 
500 |a Translation of: De hellige aber. 
999 |a MARS 
999 f f |s b4a04910-7bc2-365a-8460-ebe0ed1308c5  |i b0c5053c-6bc0-3bb1-b074-59de8c886ffd  |t 0 
952 f f |p normal  |a Texas A&M University  |b College Station  |c Sterling C. Evans Library  |d Evans: Library Stacks  |t 0  |e PT8176.28 .I32 H4513 1987  |h Library of Congress classification  |i unmediated -- volume  |m A14811069030 
998 f f |a PT8176.28 .I32 H4513 1987  |t 0  |l Evans: Library Stacks